000
00307nam a22001217a 4500
040
_c
RUA
082
_a
RUA CAM 1996 C160 Or.
100
_a
CAMBRIDGE UNIVERSITY PRESS .
245
_a
Cambridge Practice tests For Ielts1.
260
_a
PHNOM PENH
_b
RUA
_c
2013
300
_a
iv.154p.
_b
ill.
_c
29cm.
942
_c
EK
999
_c
25524
_d
25524